[Event "Vienna Chess Open 2019"]
[Site "Vienna"]
[Date "2019.08.24"]
[Round "9.4"]
[White "Janik, Igor"]
[Black "Morgunov, Marc"]
[Result "1-0"]
[WhiteElo "2483"]
[BlackElo "2345"]
[Annotator "ChessBase"]
[PlyCount "77"]
[EventDate "2019.08.17"]
[EventType "swiss"]
[EventCountry "AUT"]
[SourceTitle "playchess.com"]
[Source "ChessBase"]
[SourceQuality "1"]
[TimeControl "40/5400+30:1800+30"]

1. e4 {[%emt 0:00:00]} c5 {[%emt 0:00:00]} 2. Nf3 {[%emt 0:00:00]} d6 {[%emt 0:00:00]} 3. Bb5+ {[%emt 0:00:00]} Nc6 {[%emt 0:01:38]} 4. O-O {[%emt 0:00:01]} Nf6 {[%emt 0:02:00]} 5. e5 {[%emt 0:03:05]} dxe5 {[%emt 0:01:10]} 6. Nxe5 {[%emt 0:00:32]} Bd7 {[%emt 0:01:25]} 7. Bxc6 {[%emt 0:00:07]} Bxc6 {[%emt 0:00:15]} 8. Nxc6 {[%emt 0:00:08]} bxc6 {[%emt 0:00:04]} 9. d3 {[%emt 0:00:36]} e6 {[%emt 0:00:58]} 10. Nd2 {[%emt 0:00:12]} Be7 {[%emt 0:02:18]} 11. b3 {[%emt 0:01:09]} O-O {[%emt 0:00:21]} 12. Bb2 {[%emt 0:00:28]} Nd5 {[%emt 0:10:03]} 13. Re1 {[%emt 0:00:21]} Bf6 {[%emt 0:06:14]} 14. Qc1 {[%emt 0:00:39]} Re8 {[%emt 0:10:33]} 15. Nc4 {[%emt 0:03:03]} Bd4 {[%emt 0:12:47]} 16. Ne5 {[%emt 0:12:05]} f6 {[%emt 0:09:47]} 17. Nf3 {[%emt 0:02:09]} Bxb2 {[%emt 0:00:13]} 18. Qxb2 {[%emt 0:00:02]} e5 {[%emt 0:00:19]} 19. Re4 {[%emt 0:01:07]} Qd6 {[%emt 0:03:50]} 20. Rae1 {[%emt 0:05:27]} Nb6 {[%emt 0:04:20]} 21. Nd2 {[%emt 0:02:18]} Nd7 {[%emt 0:03:22]} 22. Nc4 {[%emt 0:01:42]} Qd5 {[%emt 0:01:13]} 23. Qc3 {[%emt 0:05:25]} Re7 {[%emt 0:05:36]} 24. Qa5 {[%emt 0:03:31]} f5 {[%emt 0:08:02]} 25. R4e2 {[%emt 0:01:39]} e4 {[%emt 0:04:10]} 26. dxe4 {[%emt 0:00:49]} Rxe4 {[%emt 0:01:51]} 27. Rxe4 {[%emt 0:00:19]} fxe4 {[%emt 0:00:04]} 28. Qc7 {[%emt 0:02:13]} Nf6 {[%emt 0:04:11]} 29. h3 {[%emt 0:02:11]} Qe6 {[%emt 0:03:35]} 30. Qb7 {[%emt 0:01:17]} Rf8 {[%emt 0:01:04]} 31. Qxa7 {[%emt 0:00:28]} Nd7 {[%emt 0:01:32]} 32. Qc7 {[%emt 0:01:25]} Qf5 {[%emt 0:00:26]} 33. Qg3 {[%emt 0:00:38]} Nf6 {[%emt 0:00:07]} 34. Qe5 {[%emt 0:00:46]} Qxe5 {[%emt 0:01:12]} 35. Nxe5 {[%emt 0:00:06]} Rc8 {[%emt 0:00:05]} 36. a4 {[%emt 0:00:39]} Kf8 {[%emt 0:00:18]} 37. Kf1 {[%emt 0:00:47]} Ke7 {[%emt 0:00:21]} 38. Ng4 {[%emt 0:00:06]} Re8 {[%emt 0:00:26]} 39. f3 {[%emt 0:00:24]} 1-0

[Event "Vienna Chess Open 2019"]
[Site "Vienna"]
[Date "2019.08.24"]
[Round "9.4"]
[White "Heinrici, Simon"]
[Black "Zeller, Frank"]
[Result "1/2-1/2"]
[WhiteElo "2062"]
[BlackElo "2371"]
[Annotator "TA"]
[PlyCount "113"]
[EventDate "2019.08.17"]
[EventType "swiss"]
[EventCountry "AUT"]
[SourceTitle "playchess.com"]
[Source "ChessBase"]
[SourceQuality "1"]

{[%evp 22,113,14,8,60,55,69,42,113,121,123,118,165,147,162,156,155,144,166,145,158,112,131,99,116,-31,50,0,0,0,0,0,0,0,0,0,0,-5,-2,-27,-26,-25,-26,-14,-14,-28,-23,-37,-43,-35,-36,-72,-72,-72,-72,-64,-72,-66,-55,-72,-8,-8,-8,-8,0,-4,0,-469,0,-14,-30,-345,-23,-12,-8,-10,0,0,0,0,0,0,7,0,8,8,8,8,8,8,8,0,0,0]} 1. e4 c5 2. Nf3 d6 3. d4 cxd4 4. Nxd4 Nf6 5. Nc3 a6 6. Be3 Ng4 7. Bc1 Nf6 8. Be3 e5 9. Nb3 Be6 10. f3 Nbd7 11. Qd2 b5 12. O-O-O b4 {B90: Sicilian Najdorf: Unusual White 6th moves, 6 Be3 Ng4 and 6 Be3 e5} (12... Be7 $11) (12... h5 13. Nd5 Rc8 14. Qa5 Nxd5 15. exd5 Bf5 16. Bd3 Qxa5 17. Nxa5 g6 18. Kb1 Bh6 19. Bf2 Nf6 20. Rhe1 Bxd3 21. Rxd3 {½-½ (31) Brkic,A (2590)-Jakovenko,D (2746) Batumi 2018}) 13. Nd5 $14 Bxd5 14. exd5 Nb6 (14... a5 $1 $14) 15. Qxb4 $16 Nfxd5 {[#]} 16. Bxb6 $1 Nxb6 {[#]} 17. Bxa6 $1 {[%mdl 512] Threatens to win with Bb5+.} Be7 (17... Rxa6 18. Qb5+) 18. Bb5+ Kf8 19. a4 g6 $146 ({Predecessor:} 19... d5 20. Qg4 Qc7 21. Rhe1 Bd6 22. a5 Nc4 23. a6 Nb6 24. Qf5 Qe7 25. Kb1 g6 26. Qd3 Kg7 27. f4 {0-1 (25) Peled,S-Tremayne,D WCCF email 2003}) 20. a5 Nd7 21. Bc6 {And now Qb7 would win.} Ra7 22. Qb5 Kg7 23. a6 (23. Rhf1 $16) 23... Qc7 (23... Nb8 $1 $15) 24. Bxd7 Rb8 25. Qc6 Qxd7 26. Qxd7 Rxd7 27. Rd5 Ra7 28. Ra5 Rb6 29. Kd2 Raxa6 30. Rha1 Rxa5 31. Rxa5 $11 {[%mdl 4096] Endgame KRB-KRN} Kf6 32. Ra2 Ke6 33. Kd3 f5 34. Nd2 d5 35. b3 e4+ 36. fxe4 dxe4+ 37. Ke2 h5 38. Nc4 Rc6 39. Ra8 Bg5 40. h3 Kd5 (40... Bf4 $17) 41. Ra5+ Kd4 42. g4 Rf6 43. gxh5 gxh5 44. Nd2 $2 {[%mdl 8192] [#]} (44. Na3 $11) 44... Bh6 $2 (44... Bxd2 $1 $19 45. Kxd2 e3+ 46. Ke2 f4) 45. Ra4+ Ke5 {Hoping for ...Bxd2.} 46. Ra1 $2 {[%mdl 8192]} (46. Ra5+ $11 {and White is okay.} Kf4 47. Nf1) 46... Rg6 $2 ({Black should try} 46... Bxd2 $1 $19 47. Kxd2 Rg6) 47. Nc4+ Kd4 {aiming for ...f4.The position is equal.} 48. Rd1+ Kc3 {Strongly threatening ...f4.} 49. Rd6 Rxd6 50. Nxd6 Kxc2 51. Nxf5 {KB-KN} Bf4 52. Ng7 Kxb3 53. Nxh5 Bg5 54. Ng3 e3 55. Nf5 Kc4 56. Nxe3+ Bxe3 57. Kxe3 {Accuracy: White = 44%, Black = 54%.} 1/2-1/2

[Event "Vienna Chess Open 2019"]
[Site "Vienna"]
[Date "2019.08.24"]
[Round "9.5"]
[White "Nasuta, Grzegorz"]
[Black "Handler, Lukas"]
[Result "1-0"]
[WhiteElo "2533"]
[BlackElo "2411"]
[Annotator "ChessBase"]
[PlyCount "71"]
[EventDate "2019.08.17"]
[EventType "swiss"]
[EventCountry "AUT"]
[SourceTitle "playchess.com"]
[Source "ChessBase"]
[SourceQuality "1"]
[TimeControl "40/5400+30:1800+30"]

1. e4 {[%emt 0:06:41]} c5 {[%emt 0:00:00]} 2. Nf3 {[%emt 0:00:06]} d6 {[%emt 0:00:00]} 3. d4 {[%emt 0:00:05]} cxd4 {[%emt 0:00:00]} 4. Nxd4 {[%emt 0:00:04]} Nf6 {[%emt 0:00:02]} 5. Nc3 {[%emt 0:00:05]} a6 {[%emt 0:00:24]} 6. h3 {[%emt 0:00:06]} e6 {[%emt 0:06:45]} 7. g4 {[%emt 0:00:07]} b5 {[%emt 0:01:34]} 8. Bg2 {[%emt 0:01:18]} Bb7 {[%emt 0:00:43]} 9. O-O {[%emt 0:00:29]} b4 {[%emt 0:08:32]} 10. Nd5 {[%emt 0:01:19]} exd5 {[%emt 0:04:49]} 11. exd5 {[%emt 0:00:07]} Be7 {[%emt 0:05:15]} 12. g5 {[%emt 0:02:40]} O-O {[%emt 0:21:08]} 13. gxf6 {[%emt 0:38:43]} Bxf6 {[%emt 0:00:11]} 14. Bf4 {[%emt 0:07:58]} Be5 {[%emt 0:11:09]} 15. Qd2 {[%emt 0:00:54]} a5 {[%emt 0:05:18]} 16. a3 {[%emt 0:12:18]} Qf6 {[%emt 0:03:03]} 17. Bxe5 {[%emt 0:00:33]} dxe5 {[%emt 0:01:37]} 18. Nb3 {[%emt 0:00:07]} Qb6 {[%emt 0:05:11]} 19. axb4 {[%emt 0:08:50]} axb4 {[%emt 0:00:05]} 20. Qe3 {[%emt 0:01:07]} Nd7 {[%emt 0:03:37]} 21. Na5 {[%emt 0:00:09]} Qxe3 {[%emt 0:08:11]} 22. fxe3 {[%emt 0:00:08]} Ba6 {[%emt 0:00:14]} 23. Rfd1 {[%emt 0:03:37]} f5 {[%emt 0:02:27]} 24. b3 {[%emt 0:03:22]} Be2 {[%emt 0:05:16]} 25. Re1 {[%emt 0:01:16]} Bh5 {[%emt 0:01:22]} 26. Nc6 {[%emt 0:05:54]} Rae8 {[%emt 0:02:46]} 27. Ra7 {[%emt 0:00:38]} Rf7 {[%emt 0:00:26]} 28. Nxb4 {[%emt 0:00:54]} g5 {[%emt 0:00:23]} 29. d6 {[%emt 0:01:45]} e4 {[%emt 0:00:58]} 30. Nc6 {[%emt 0:00:10]} Nb6 {[%emt 0:01:13]} 31. Ra5 {[%emt 0:01:43]} Nc8 {[%emt 0:00:36]} 32. Rd5 {[%emt 0:01:51]} Rd7 {[%emt 0:00:17]} 33. Rxf5 {[%emt 0:00:08]} Nxd6 {[%emt 0:00:52]} 34. Rxg5+ {[%emt 0:00:12]} Bg6 {[%emt 0:00:02]} 35. Rd1 {[%emt 0:00:39]} Re6 {[%emt 0:01:32]} 36. Rgd5 {[%emt 0:00:56]} 1-0

[Event "Vienna Chess Open 2019"]
[Site "Vienna"]
[Date "2019.08.24"]
[Round "9.5"]
[White "Muckle, Julius"]
[Black "Lakuntza Plazaola, Asier"]
[Result "1-0"]
[WhiteElo "2368"]
[BlackElo "2149"]
[Annotator "ChessBase"]
[PlyCount "67"]
[EventDate "2019.08.17"]
[EventType "swiss"]
[EventCountry "AUT"]
[SourceTitle "playchess.com"]
[Source "ChessBase"]
[SourceQuality "1"]
[TimeControl "40/5400+30:1800+30"]

1. d4 {[%emt 0:00:00]} d5 {[%emt 0:00:00]} 2. c4 {[%emt 0:00:00]} c6 {[%emt 0:00:00]} 3. Nc3 {[%emt 0:00:00]} Nf6 {[%emt 0:00:06]} 4. Nf3 {[%emt 0:00:00]} e6 {[%emt 0:00:26]} 5. e3 {[%emt 0:00:00]} Nbd7 {[%emt 0:00:16]} 6. Qc2 {[%emt 0:00:00]} Bd6 {[%emt 0:00:20]} 7. b3 {[%emt 0:00:03]} O-O {[%emt 0:00:14]} 8. Bb2 {[%emt 0:00:03]} b6 {[%emt 0:00:52]} 9. Bd3 {[%emt 0:00:11]} Bb7 {[%emt 0:00:37]} 10. O-O {[%emt 0:00:04]} Qe7 {[%emt 0:03:11]} 11. e4 {[%emt 0:01:18]} dxe4 {[%emt 0:00:32]} 12. Nxe4 {[%emt 0:00:02]} Nxe4 {[%emt 0:00:21]} 13. Bxe4 {[%emt 0:00:01]} f5 {[%emt 0:11:51]} 14. Bd3 {[%emt 0:00:05]} c5 {[%emt 0:00:05]} 15. d5 {[%emt 0:10:56]} Rae8 {[%emt 0:18:08]} 16. Rae1 {[%emt 0:34:38]} Qf7 {[%emt 0:00:14]} 17. Ng5 {[%emt 0:06:36]} Qh5 {[%emt 0:01:46]} 18. f4 {[%emt 0:00:08]} Bxf4 {[%emt 0:10:04]} 19. Rxf4 {[%emt 0:05:05]} Qxg5 {[%emt 0:00:08]} 20. Rf3 {[%emt 0:00:40]} Nf6 {[%emt 0:01:51]} 21. Rg3 {[%emt 0:06:11]} Qh4 {[%emt 0:04:18]} 22. Rf1 {[%emt 0:06:37]} Ng4 {[%emt 0:11:46]} 23. Rh3 {[%emt 0:00:07]} Qg5 {[%emt 0:00:07]} 24. Bc1 {[%emt 0:09:26]} Qf6 {[%emt 0:00:39]} 25. dxe6 {[%emt 0:04:57]} Qd4+ {[%emt 0:07:28]} 26. Kh1 {[%emt 0:00:11]} Rxe6 {[%emt 0:13:52]} 27. Bxf5 {[%emt 0:04:48]} Nf2+ {[%emt 0:09:10]} 28. Qxf2 {[%emt 0:00:08]} Qxf2 {[%emt 0:00:05]} 29. Bxh7+ {[%emt 0:01:07]} Kf7 {[%emt 0:00:46]} 30. Rxf2+ {[%emt 0:00:05]} Ke7 {[%emt 0:00:09]} 31. Be3 {[%emt 0:02:22]} g6 {[%emt 0:03:45]} 32. Bxg6 {[%emt 0:03:43]} Rxf2 {[%emt 0:01:55]} 33. Bxf2 {[%emt 0:00:42]} Kf6 {[%emt 0:00:52]} 34. Bd3 {[%emt 0:00:24]} 1-0

[Event "Vienna Chess Open 2019"]
[Site "Vienna"]
[Date "2019.08.24"]
[Round "9.5"]
[White "Pantzar, Milton"]
[Black "Bakhmatsky, Vladislav"]
[Result "0-1"]
[WhiteElo "2356"]
[BlackElo "2442"]
[Annotator "TA"]
[PlyCount "58"]
[EventDate "2019.08.17"]
[EventType "swiss"]
[EventCountry "AUT"]
[SourceTitle "playchess.com"]
[Source "ChessBase"]
[SourceQuality "1"]

{[%evp 11,58,19,25,16,17,25,24,16,39,14,4,-6,19,9,10,0,31,7,0,0,0,-20,-17,-45,-48,-143,-135,-350,-338,-614,-389,-418,-427,-425,-408,-437,-426,-434,-431,-429,-425,-437,-429,-422,-418,-405,-416,-449,-432]} 1. d4 Nf6 2. c4 g6 3. Nc3 d5 4. Bg5 Bg7 5. Bxf6 Bxf6 6. cxd5 c6 7. e4 {D80: Grünfeld: Unusual White 4th moves and 4 Bg5} O-O 8. e5 Bg7 9. Bc4 {White has an edge.} b5 10. Bb3 b4 11. Nce2 cxd5 12. h4 Nc6 13. h5 {[#]} Qb6 $146 ({Predecessor:} 13... e6 14. Nf3 Ba6 {1-0 (41) Bluebaum,M (2633)-Mista,A (2593) Drancy 2016}) 14. hxg6 hxg6 15. Rc1 Rd8 16. Rh4 Ba6 17. e6 f5 ({Wrong is} 17... fxe6 $2 18. Qc2 $18) 18. Ba4 (18. Nf3 $15) 18... Rd6 19. Nf4 $2 {[#]} (19. Bxc6 $17 {is a better defense.} Rxc6 20. Rxc6 Qxc6 21. Rh3) 19... Nxd4 $19 20. Bd7 $2 (20. Rh3) 20... Nxe6 21. Bxe6+ Rxe6+ 22. Nxe6 Qxe6+ 23. Ne2 Bxb2 24. Rc2 Bc3+ 25. Kf1 {Now Kg1 and White clings on.} d4 26. Rxd4 Bxd4 27. Qxd4 Rc8 28. Rxc8+ Qxc8 29. Ke1 {[#]} Qe6 $1 {Accuracy: White = 29%, Black = 86%.} 0-1

[Event "Vienna Chess Open 2019"]
[Site "Vienna"]
[Date "2019.08.24"]
[Round "9.6"]
[White "Gumularz, Szymon"]
[Black "Soysal, Serkan"]
[Result "1/2-1/2"]
[WhiteElo "2501"]
[BlackElo "2388"]
[Annotator "TA"]
[PlyCount "100"]
[EventDate "2019.08.17"]
[EventType "swiss"]
[EventCountry "AUT"]
[SourceTitle "playchess.com"]
[Source "ChessBase"]
[SourceQuality "1"]

{[%evp 10,100,43,37,35,42,35,39,39,29,27,28,54,62,89,51,49,33,38,34,22,25,12,-1,0,-57,-47,-70,-74,-70,-58,-61,-66,-90,-34,-64,-14,-56,-73,-65,0,-11,0,-11,0,-68,-65,-74,-70,-54,-66,-61,0,0,0,-64,-55,-66,-62,-66,-20,-33,-19,-82,0,0,0,0,0,0,0,0,0,0,0,0,0,0,0,0,0,0,0,0,0,0,0,0,0,0,0,0,0]} 1. e4 e5 2. Nf3 Nc6 3. Bc4 Bc5 4. O-O d6 5. c3 Qf6 6. d3 Nge7 {C50: Hungarian Defence and Giuoco Pianissimo} 7. b4 Bb6 8. a4 {And now a5 would win.} a5 $146 {White is slightly better.} ({Predecessor:} 8... a6 9. Be3 Bxe3 10. fxe3 O-O 11. Nbd2 Qh6 12. Qe2 Be6 13. Bxe6 Qxe6 14. d4 {0-1 (47) Felgaer,R (2580)-Paveto,K (2397) Buenos Aires 2015}) 9. b5 Nd8 {[%cal Bc6d8,Bd8e6,Be6f4][%mdl 32]} 10. Be3 Bg4 11. Nbd2 Ne6 12. h3 h5 13. Re1 Nf4 14. d4 Bxf3 $1 15. Nxf3 g5 $1 16. Nh2 O-O-O 17. Bf1 (17. Bxf4 $11 gxf4 18. Nf3) 17... g4 $15 18. g3 Nxh3+ 19. Bxh3 gxh3 20. Qf3 Qe6 21. Rad1 Rdg8 (21... Kb8 $17 22. dxe5 Bxe3 23. Qxe3 dxe5) 22. Kh1 exd4 23. Bxd4 Bxd4 24. cxd4 Re8 {[#]} ({Better is} 24... Kb8 $15) 25. b6 $1 {[%mdl 512]} cxb6 26. d5 Qd7 27. Rb1 (27. Qf6 $11) 27... Kb8 $1 ({Don't play} 27... Qxa4 $6 28. Rxb6 f5 29. e5 $14) 28. Rxb6 {[#] aiming for Reb1.} Nxd5 $1 {[%mdl 576] Pin} 29. Rb5 (29. exd5 Rxe1+) 29... Nc7 30. Rxa5 Re5 ({Black should try} 30... Qc6 $15 31. Qd3 h4) 31. Rxe5 $11 dxe5 32. Qb3 (32. Qf6 $11 Re8 33. Nf3) 32... f6 $15 33. Nf3 Rd8 34. Kh2 Ne6 35. a5 {[%cal Ba4a5,Ba5a6][%mdl 32]} Qd3 36. Rb1 (36. Qxe6 $11 {keeps the balance.} Qxf3 37. Kxh3 Qxf2 38. Qb6) 36... Qxe4 (36... Qxb3 $17 37. Rxb3 Nc5) 37. a6 $1 $11 {[%cal Rb3b7] [#]The position is equal.} Nd4 $1 38. Qxb7+ Qxb7 39. Rxb7+ {[%mdl 4096] Endgame KRN-KRN} Ka8 40. Nh4 Rd6 41. Kxh3 Rxa6 42. Rh7 Ra2 43. f3 Ra3 44. Kg2 Ra2+ 45. Kh3 Rf2 46. Rxh5 Nxf3 47. Rf5 e4 {White must now prevent ...Ng5+.} 48. Nxf3 Rxf3 49. Rxf3 exf3 50. g4 Kb7 {Accuracy: White = 58%, Black = 62%.} 1/2-1/2

[Event "Vienna Chess Open 2019"]
[Site "Vienna"]
[Date "2019.08.24"]
[Round "9.6"]
[White "Froewis, Georg"]
[Black "Kowalski, Igor"]
[Result "1/2-1/2"]
[WhiteElo "2429"]
[BlackElo "2344"]
[Annotator "ChessBase"]
[PlyCount "101"]
[EventDate "2019.08.17"]
[EventType "swiss"]
[EventCountry "AUT"]
[SourceTitle "playchess.com"]
[Source "ChessBase"]
[SourceQuality "1"]
[TimeControl "40/5400+30:1800+30"]

1. Nf3 {[%emt 0:00:00]} Nf6 {[%emt 0:00:00]} 2. c4 {[%emt 0:00:00]} e6 {[%emt 0:00:00]} 3. b3 {[%emt 0:00:00]} d5 {[%emt 0:00:01]} 4. Bb2 {[%emt 0:00:00]} Be7 {[%emt 0:00:05]} 5. g3 {[%emt 0:00:00]} c5 {[%emt 0:00:26]} 6. cxd5 {[%emt 0:00:03]} exd5 {[%emt 0:00:05]} 7. Bg2 {[%emt 0:00:07]} Nc6 {[%emt 0:00:08]} 8. O-O {[%emt 0:00:06]} O-O {[%emt 0:00:06]} 9. d4 {[%emt 0:00:02]} Bf5 {[%emt 0:01:30]} 10. dxc5 {[%emt 0:07:06]} Bxc5 {[%emt 0:00:00]} 11. Nc3 {[%emt 0:00:09]} Rc8 {[%emt 0:03:08]} 12. Rc1 {[%emt 0:04:57]} Be7 {[%emt 0:02:27]} 13. Nd4 {[%emt 0:02:17]} Bg6 {[%emt 0:04:00]} 14. Bh3 {[%emt 0:02:34]} Ra8 {[%emt 0:05:07]} 15. Nf5 {[%emt 0:02:26]} Bxf5 {[%emt 0:01:11]} 16. Bxf5 {[%emt 0:00:02]} Qa5 {[%emt 0:00:07]} 17. Bb1 {[%emt 0:02:13]} Rfd8 {[%emt 0:06:46]} 18. Qd3 {[%emt 0:01:07]} Ba3 {[%emt 0:09:52]} 19. Bxa3 {[%emt 0:07:58]} Qxa3 {[%emt 0:00:17]} 20. Rfd1 {[%emt 0:00:16]} Rac8 {[%emt 0:08:22]} 21. Qd2 {[%emt 0:07:59]} g6 {[%emt 0:06:12]} 22. Nb5 {[%emt 0:11:55]} Qe7 {[%emt 0:00:42]} 23. Nd4 {[%emt 0:02:33]} Kg7 {[%emt 0:07:52]} 24. Nxc6 {[%emt 0:07:44]} Rxc6 {[%emt 0:02:59]} 25. e3 {[%emt 0:02:40]} Rdc8 {[%emt 0:01:01]} 26. Rxc6 {[%emt 0:00:21]} bxc6 {[%emt 0:00:54]} 27. b4 {[%emt 0:02:25]} Rb8 {[%emt 0:02:26]} 28. a3 {[%emt 0:00:37]} a5 {[%emt 0:00:19]} 29. Qc3 {[%emt 0:01:11]} axb4 {[%emt 0:00:27]} 30. axb4 {[%emt 0:00:02]} Rb6 {[%emt 0:00:27]} 31. Rd4 {[%emt 0:01:02]} c5 {[%emt 0:12:56]} 32. Rxd5 {[%emt 0:00:02]} cxb4 {[%emt 0:00:05]} 33. Qb2 {[%emt 0:00:05]} b3 {[%emt 0:00:21]} 34. Bd3 {[%emt 0:02:26]} Qa7 {[%emt 0:01:52]} 35. Bc4 {[%emt 0:00:51]} Qa2 {[%emt 0:00:25]} 36. Rd2 {[%emt 0:02:37]} Qa4 {[%emt 0:00:55]} 37. Rd4 {[%emt 0:03:54]} Qc6 {[%emt 0:07:23]} 38. g4 {[%emt 0:14:48]} h6 {[%emt 0:04:51]} 39. h4 {[%emt 0:00:27]} Rb4 {[%emt 0:01:39]} 40. Bxb3 {[%emt 0:01:12]} Qb6 {[%emt 0:01:16]} 41. g5 {[%emt 0:43:06]} Rxb3 {[%emt 0:32:57]} 42. gxf6+ {[%emt 0:00:06]} Kh7 {[%emt 0:00:03]} 43. Qc2 {[%emt 0:00:20]} Rb2 {[%emt 0:01:23]} 44. Rd6 {[%emt 0:00:00]} Rb1+ {[%emt 0:00:00]} 45. Kg2 {[%emt 0:00:00]} Qxd6 {[%emt 0:00:00]} 46. Qxb1 {[%emt 0:00:00]} Qxf6 {[%emt 0:00:00]} 47. Qe4 {[%emt 0:00:00]} h5 {[%emt 0:00:00]} 48. Kg3 {[%emt 0:00:00]} Qa1 {[%emt 0:00:00]} 49. Kh2 {[%emt 0:00:00]} Qb2 {[%emt 0:00:00]} 50. Qf4 {[%emt 0:00:00]} Kg8 {[%emt 0:00:00]} 51. Kg2 {[%emt 0:00:00]} 1/2-1/2

[Event "Vienna Chess Open 2019"]
[Site "Vienna"]
[Date "2019.08.24"]
[Round "9.6"]
[White "Seresin, Francesco"]
[Black "Helmer, Christoph"]
[Result "1/2-1/2"]
[WhiteElo "2362"]
[BlackElo "2146"]
[Annotator "ChessBase"]
[PlyCount "51"]
[EventDate "2019.08.17"]
[EventType "swiss"]
[EventCountry "AUT"]
[SourceTitle "playchess.com"]
[Source "ChessBase"]
[SourceQuality "1"]
[TimeControl "40/5400+30:1800+30"]

1. d4 {[%emt 0:02:08]} Nf6 {[%emt 0:00:00]} 2. c4 {[%emt 0:00:29]} e6 {[%emt 0:00:00]} 3. Nc3 {[%emt 0:00:08]} Bb4 {[%emt 0:00:00]} 4. e3 {[%emt 0:00:57]} O-O {[%emt 0:00:00]} 5. Bd3 {[%emt 0:00:08]} c5 {[%emt 0:00:04]} 6. Nf3 {[%emt 0:01:45]} Bxc3+ {[%emt 0:03:01]} 7. bxc3 {[%emt 0:00:15]} Nc6 {[%emt 0:01:50]} 8. O-O {[%emt 0:01:17]} d6 {[%emt 0:00:12]} 9. e4 {[%emt 0:02:02]} e5 {[%emt 0:00:13]} 10. d5 {[%emt 0:01:01]} Ne7 {[%emt 0:01:07]} 11. Nh4 {[%emt 0:04:53]} h6 {[%emt 0:23:52]} 12. f4 {[%emt 0:15:23]} Ng6 {[%emt 0:05:58]} 13. Nxg6 {[%emt 0:02:37]} fxg6 {[%emt 0:00:07]} 14. fxe5 {[%emt 0:07:19]} dxe5 {[%emt 0:00:07]} 15. a4 {[%emt 0:01:42]} Qd6 {[%emt 0:07:16]} 16. a5 {[%emt 0:04:31]} Bd7 {[%emt 0:03:13]} 17. Bd2 {[%emt 0:07:25]} g5 {[%emt 0:03:17]} 18. Qe2 {[%emt 0:04:08]} Bg4 {[%emt 0:13:41]} 19. Qe3 {[%emt 0:00:38]} Bh5 {[%emt 0:00:28]} 20. h3 {[%emt 0:08:25]} Bg6 {[%emt 0:00:50]} 21. g3 {[%emt 0:01:15]} Rf7 {[%emt 0:03:05]} 22. Rab1 {[%emt 0:06:09]} b6 {[%emt 0:02:08]} 23. Ra1 {[%emt 0:03:29]} Raf8 {[%emt 0:00:10]} 24. axb6 {[%emt 0:00:52]} axb6 {[%emt 0:00:07]} 25. Kg2 {[%emt 0:04:03]} g4 {[%emt 0:03:29]} 26. h4 {[%emt 0:04:42]} 1/2-1/2

[Event "Vienna Chess Open 2019"]
[Site "Vienna"]
[Date "2019.08.24"]
[Round "9.7"]
[White "Yankelevich, Lev"]
[Black "Bawart, Markus"]
[Result "1/2-1/2"]
[WhiteElo "2480"]
[BlackElo "2364"]
[Annotator "TA"]
[PlyCount "55"]
[EventDate "2019.08.17"]
[EventType "swiss"]
[EventCountry "AUT"]
[SourceTitle "playchess.com"]
[Source "ChessBase"]
[SourceQuality "1"]

{[%evp 10,55,85,75,101,74,85,64,75,72,108,118,112,108,114,82,92,48,48,28,15,21,35,36,56,55,81,72,68,78,70,31,42,23,20,24,37,0,0,0,0,0,0,0,0,0,0,0]} 1. d4 c5 2. d5 e5 3. e4 d6 4. Nc3 a6 5. a4 {[%cal Ba2a4,Ba4a5][%mdl 32]} Be7 6. Nf3 Nd7 {A44: Semi-Benoni} (6... Bg4 7. Be2 Bxf3 8. Bxf3 Bg5 9. a5 Bxc1 10. Qxc1 Ne7 11. O-O O-O 12. Nb1 f5 13. Nd2 Nd7 14. exf5 Nxf5 15. Bg4 Qh4 16. Ra4 {½-½ (47) Postny,E (2631)-Dimitrov,R (2445) Bastia 2013}) 7. a5 Ngf6 8. Be2 O-O $146 {White is slightly better.} ({Predecessor:} 8... Nf8 9. Nd2 Ng6 10. Nc4 Rb8 11. Rb1 h6 12. Be3 O-O 13. O-O Bd7 {½-½ (45) Rattay,W (1900)-Ben Younes,D (1888) LSS email 2010}) 9. O-O Rb8 10. Nd2 Ne8 11. Nc4 Bg5 12. Bg4 g6 13. Na4 Bxc1 14. Bxd7 Bxd7 15. Qxc1 Bb5 16. Nab6 f5 17. f4 fxe4 18. fxe5 {[#] Rxf8+ is the strong threat.} Rxf1+ 19. Qxf1 {Hoping for Qf4.} dxe5 20. d6 Qg5 {And now ...Nxd6! would win.} 21. Qe1 Rd8 22. Rd1 Bc6 23. Qg3 Qxg3 {The position is equal.} 24. hxg3 e3 $1 25. d7 Nf6 26. Nxe5 e2 27. Re1 Bxd7 28. Nbxd7 {Accuracy: White = 46%, Black = 53%.} 1/2-1/2

[Event "Vienna Chess Open 2019"]
[Site "Vienna"]
[Date "2019.08.24"]
[Round "9.7"]
[White "Ozen, Deniz"]
[Black "Tryggestad, Andreas Garberg"]
[Result "1/2-1/2"]
[WhiteElo "2429"]
[BlackElo "2343"]
[Annotator "TA"]
[PlyCount "54"]
[EventDate "2019.08.17"]
[EventType "swiss"]
[EventCountry "AUT"]
[SourceTitle "playchess.com"]
[Source "ChessBase"]
[SourceQuality "1"]

{[%evp 18,54,22,14,32,13,14,15,24,7,27,12,11,17,20,4,21,23,23,23,32,16,15,21,26,20,20,27,47,42,44,38,42,50,43,49,35,38,45]} 1. e4 c5 2. Nf3 e6 3. c3 d5 4. exd5 exd5 5. d4 Nf6 6. Bb5+ Bd7 7. Bxd7+ Nbxd7 {[%cal Bb8d7,Bd7c5,Bc5d3][%mdl 32]} 8. O-O Be7 9. dxc5 Nxc5 10. Nbd2 Nd3 {B22: Sicilian: 2 c3} (10... O-O 11. Nb3 Nce4 12. Be3 Re8 13. Qd3 Qc7 14. Rad1 a6 15. h3 Rad8 16. Nbd4 Bf8 17. Rfe1 h6 18. Nf5 Qd7 19. N5d4 Bd6 20. Nd2 Bc7 21. Nf1 Nh5 22. Qe2 Nf4 {1-0 (89) Berelowitsch,A (2520)-Sprenger,J (2490) Germany 2019}) 11. Nb3 Nxc1 12. Rxc1 O-O {The position is equal.} 13. Qd3 Qb6 $146 ({Predecessor:} 13... Re8 14. Rcd1 Qc7 15. Rfe1 Bf8 16. Qf5 Re4 17. Rxe4 dxe4 18. Nfd4 {½-½ (40) Mojzis,J (2135)-Havrlik,P (1890) Hradec Kralove 1994}) 14. Nfd4 Rfe8 15. Rfe1 Bf8 16. h3 Ne4 17. Qb5 Qxb5 18. Nxb5 {[#] And now Nc7 would win.} Nf6 19. Nc7 {Threatens to win with Rxe8.} Rxe1+ 20. Rxe1 Rc8 21. Nb5 a6 22. N5d4 b5 23. a3 {White is slightly better.} Ne4 24. Nc2 Nd6 25. Nb4 Nc4 26. Re2 Bxb4 27. axb4 f6 {Accuracy: White = 49%, Black = 59%.} 1/2-1/2